<?xml version="1.0" encoding="UTF-8"?>
<record
    xmlns:xsi="http://www.w3.org/2001/XMLSchema-instance"
    xsi:schemaLocation="http://www.loc.gov/MARC21/slim http://www.loc.gov/standards/marcxml/schema/MARC21slim.xsd"
    xmlns="http://www.loc.gov/MARC21/slim">

  <leader>04373cas a2200421 a 4500</leader>
  <controlfield tag="001">14168224</controlfield>
  <controlfield tag="003">OSt</controlfield>
  <controlfield tag="005">20231204102605.0</controlfield>
  <controlfield tag="007">t|</controlfield>
  <controlfield tag="008">051101c20079999iauar         0   a0eng  </controlfield>
  <datafield tag="010" ind1=" " ind2=" ">
    <subfield code="a">  2005215810</subfield>
  </datafield>
  <datafield tag="020" ind1=" " ind2=" ">
    <subfield code="a">9780073515595</subfield>
  </datafield>
  <datafield tag="022" ind1=" " ind2=" ">
    <subfield code="a">1558-7886</subfield>
    <subfield code="2">1</subfield>
  </datafield>
  <datafield tag="035" ind1=" " ind2=" ">
    <subfield code="a">(OCoLC)ocm62197166 </subfield>
  </datafield>
  <datafield tag="037" ind1=" " ind2=" ">
    <subfield code="b">McGraw-Hill/Dushkin, 2460 Kerper Blvd., C315, Dubuque, IA 52001</subfield>
  </datafield>
  <datafield tag="040" ind1=" " ind2=" ">
    <subfield code="a">WIUC - GH</subfield>
    <subfield code="b">eng</subfield>
    <subfield code="c">WIUC - GH</subfield>
    <subfield code="d">DLC</subfield>
    <subfield code="d">NSDP</subfield>
    <subfield code="d">DLC</subfield>
    <subfield code="d">OCoLC</subfield>
    <subfield code="d">OCLCF</subfield>
    <subfield code="d">DLC</subfield>
  </datafield>
  <datafield tag="042" ind1=" " ind2=" ">
    <subfield code="a">nsdp</subfield>
    <subfield code="a">pcc</subfield>
  </datafield>
  <datafield tag="050" ind1="0" ind2="0">
    <subfield code="a">RT41.N97</subfield>
  </datafield>
  <datafield tag="082" ind1="0" ind2="0">
    <subfield code="a">610.73/05</subfield>
    <subfield code="2">19</subfield>
  </datafield>
  <datafield tag="245" ind1="0" ind2="0">
    <subfield code="a">Annual editions: Nursing 11/12. /</subfield>
    <subfield code="c">[edited by] Dionne Gibbs.</subfield>
  </datafield>
  <datafield tag="250" ind1=" " ind2=" ">
    <subfield code="a">2nd ed,</subfield>
  </datafield>
  <datafield tag="260" ind1=" " ind2=" ">
    <subfield code="a">Dubuque, Iowa :</subfield>
    <subfield code="b">McGraw-Hill/Dushkin,</subfield>
    <subfield code="c">2006-</subfield>
  </datafield>
  <datafield tag="300" ind1=" " ind2=" ">
    <subfield code="a">xviii, ; 251 p, :</subfield>
    <subfield code="b">ill. ;</subfield>
    <subfield code="c">28 cm.</subfield>
  </datafield>
  <datafield tag="310" ind1=" " ind2=" ">
    <subfield code="a">Annual</subfield>
  </datafield>
  <datafield tag="362" ind1="0" ind2=" ">
    <subfield code="a">1st ed. (06/07)-</subfield>
  </datafield>
  <datafield tag="490" ind1=" " ind2=" ">
    <subfield code="a">Annual Editions</subfield>
  </datafield>
  <datafield tag="500" ind1=" " ind2=" ">
    <subfield code="a">Title from cover.</subfield>
  </datafield>
  <datafield tag="505" ind1=" " ind2=" ">
    <subfield code="a">Content: Mary breckinridge -- Hospitals were for the really sick -- Jane delano -- An end to angels -- Delores o'hara -- Shots heard 'round the word,michael doss, the orange county -- Linda richards -- Susie walking bear yellowtail -- Lillian ward --The ethical,legal and social context of harm reduction -- Dialysis: prolonging life or prolonging dying? ethical, legal and professional considerations for end of life decision making -- Being a research participant: the nurse's ethical and legal rights -- Exploring ethical, legal, and professional issues with the mentally III on death row -- Covert medication in older adults who lack decision-making capacity -- Arresting drug-resistant organisms -- Reduce the risk of high alert-drugs -- Keeping your patient hemo-dynamically stable -- Medication-monitoring lawsuit: case study and lessons  learned: another real-life case in nursing home litigation -- Antiemetic drugs -- Assessment and management of patients with wounded-related pain -- Acute abdomen: what a pain -- Pain management: the role of the nurse -- Anxiety and open heart surgery -- Respiratory assessment in adults -- Medical nutrition therapy; a key to diabetes management and prevention -- Understanding hypovolaemic, cardiogenic and septic shock -- Tracheostomy: facilitating successful discharge from from hospital to home -- Are you ready to care for a patient with an insulin pump -- Head attack -- Pediatric hospice:butterflies -- Doing more with less: public health nurses serve their communities -- A new way to treat the world -- Emergency preparedness -- A nursing career to consider: assisted living -- Fetal nutrition and adult hypertension, diabetes, obesity and coronary artery  disease -- Nutrition through the life-span. Part 1:    preconception pregnancy and infancy -- Nutrition in palliative care -- Nutrition in the elderly: a basic standard of care and dignity for older people -- Nutrition management of gastric bypass in patients with chronic kidney disease -- Men in nursing today -- Men in nursing: addressing the nursing workforce shortage and our history -- The male community nurse -- The state of the profession: ''code white: nurse needed'' -- An evaluation of stimulated clinical practice for adult branch students -- Nursing students' self-assessment of their stimulation experiences -- Mentoring as a teaching-learning strategy in nursing -- NCLEX fairness and sensitivity review --  How to read and really use an item analysis -- Nurses step to the front -- Mitigating the impact of hospital restructuring on nurses: the responsibility of emotionally intelligent leadership -- Predictors of professional nursing practice behaviors in hospital -- The winning job interview: do your homework -- Meeting the challenges of stress in healthcare -- Ethics and advance care planning in a culturally diverse society -- Jewish laws, customs, and practice in labor, delivery and postpartum care -- Understanding transcultural nursing</subfield>
  </datafield>
  <datafield tag="650" ind1=" " ind2="0">
    <subfield code="a">Nursing</subfield>
    <subfield code="v">Periodicals.</subfield>
    <subfield code="9">2779</subfield>
  </datafield>
  <datafield tag="650" ind1=" " ind2="7">
    <subfield code="a">Nursing.</subfield>
    <subfield code="2">fast</subfield>
    <subfield code="0">(OCoLC)fst01041731</subfield>
    <subfield code="9">102</subfield>
  </datafield>
  <datafield tag="655" ind1=" " ind2="7">
    <subfield code="a">Periodicals.</subfield>
    <subfield code="2">fast</subfield>
    <subfield code="0">(OCoLC)fst01411641</subfield>
    <subfield code="9">637</subfield>
  </datafield>
  <datafield tag="700" ind1=" " ind2=" ">
    <subfield code="a">Gibbs, Dionne</subfield>
    <subfield code="9">2855</subfield>
  </datafield>
  <datafield tag="776" ind1="0" ind2="8">
    <subfield code="i">Online version:</subfield>
    <subfield code="t">Annual editions. Nursing</subfield>
    <subfield code="x">2158-4125</subfield>
    <subfield code="w">(DLC)  2010202612</subfield>
    <subfield code="w">(OCoLC)679573280</subfield>
  </datafield>
  <datafield tag="906" ind1=" " ind2=" ">
    <subfield code="a">7</subfield>
    <subfield code="b">cbc</subfield>
    <subfield code="c">serials</subfield>
    <subfield code="d">2</subfield>
    <subfield code="e">ncip</subfield>
    <subfield code="f">20</subfield>
    <subfield code="g">n-oclcserc</subfield>
  </datafield>
  <datafield tag="942" ind1=" " ind2=" ">
    <subfield code="2">lcc</subfield>
    <subfield code="c">BK</subfield>
  </datafield>
  <datafield tag="999" ind1=" " ind2=" ">
    <subfield code="c">10203</subfield>
    <subfield code="d">17703</subfield>
  </datafield>
  <datafield tag="952" ind1=" " ind2=" ">
    <subfield code="0">0</subfield>
    <subfield code="1">0</subfield>
    <subfield code="2">lcc</subfield>
    <subfield code="4">0</subfield>
    <subfield code="7">0</subfield>
    <subfield code="a">WIUC-KL</subfield>
    <subfield code="b">WIUC-KL</subfield>
    <subfield code="c">NURS L.</subfield>
    <subfield code="d">2019-11-26</subfield>
    <subfield code="o">RT41.N97(2e)</subfield>
    <subfield code="p">KSN/733/733/19</subfield>
    <subfield code="r">2023-11-09 00:00:00</subfield>
    <subfield code="t">1</subfield>
    <subfield code="w">2023-11-09</subfield>
    <subfield code="y">BK</subfield>
  </datafield>
  <datafield tag="952" ind1=" " ind2=" ">
    <subfield code="0">0</subfield>
    <subfield code="1">0</subfield>
    <subfield code="2">lcc</subfield>
    <subfield code="4">0</subfield>
    <subfield code="7">0</subfield>
    <subfield code="a">WIUC-KL</subfield>
    <subfield code="b">WIUC-KL</subfield>
    <subfield code="c">NURS L.</subfield>
    <subfield code="d">2019-11-26</subfield>
    <subfield code="o">RT41.N971(2e)</subfield>
    <subfield code="p">KSN/734/734/19</subfield>
    <subfield code="r">2023-11-09 00:00:00</subfield>
    <subfield code="t">2</subfield>
    <subfield code="w">2023-11-09</subfield>
    <subfield code="y">BK</subfield>
  </datafield>
  <datafield tag="952" ind1=" " ind2=" ">
    <subfield code="0">0</subfield>
    <subfield code="1">0</subfield>
    <subfield code="2">lcc</subfield>
    <subfield code="4">0</subfield>
    <subfield code="7">0</subfield>
    <subfield code="a">WIUC-KL</subfield>
    <subfield code="b">WIUC-KL</subfield>
    <subfield code="c">NURS L.</subfield>
    <subfield code="d">2019-11-26</subfield>
    <subfield code="o">RT41.N972(2e)</subfield>
    <subfield code="p">KSN/735/735/19</subfield>
    <subfield code="r">2023-11-09 00:00:00</subfield>
    <subfield code="t">3</subfield>
    <subfield code="w">2023-11-09</subfield>
    <subfield code="y">BK</subfield>
  </datafield>
  <datafield tag="952" ind1=" " ind2=" ">
    <subfield code="0">0</subfield>
    <subfield code="1">0</subfield>
    <subfield code="2">lcc</subfield>
    <subfield code="4">0</subfield>
    <subfield code="7">0</subfield>
    <subfield code="a">WIUC-KL</subfield>
    <subfield code="b">WIUC-KL</subfield>
    <subfield code="c">NURS L.</subfield>
    <subfield code="d">2019-11-26</subfield>
    <subfield code="o">RT41.N973(2e)</subfield>
    <subfield code="p">KSN/736/736/19</subfield>
    <subfield code="r">2023-11-09 00:00:00</subfield>
    <subfield code="t">4</subfield>
    <subfield code="w">2023-11-09</subfield>
    <subfield code="y">BK</subfield>
  </datafield>
</record>
